| 000 | 00749nam a22001937a 4500 | ||
|---|---|---|---|
| 003 | JO-AjAnu | ||
| 005 | 20260420102925.0 | ||
| 008 | 260420b jo ||||| |||| 00| 0 ara d | ||
| 040 |
_aANU _cJO-AjAnu |
||
| 041 | _hARA | ||
| 100 |
_aالسرحان، محمود قظام _eمؤلف _966965 |
||
| 245 |
_aحل الصراعات دون استخدام العنف _c / محمود قظام السرحان وآخرون |
||
| 260 |
_aعمان: _bالمؤلف؛ _c2021 |
||
| 300 | _a188 صفحة | ||
| 650 | _vالعلاقات الانسانية-الصراع الاجتماعي | ||
| 700 |
_aالسرحان، فادي محمود _eمؤلف مشارك _966966 |
||
| 700 |
_aالزعبي، هديل محمد _eمؤلف مشارك _966967 |
||
| 942 |
_2lcc _cBK _n0 |
||
| 999 |
_c34189 _d34189 |
||